00720nam a22001697a 4500003000900000008004100009040007100050082002500121100002800146245004900174260003500223300002800258505022400286650001200510650001600522650001200538AR-CdUCM190329b ||||| |||| 00| 0 spa d aMUNICIPALIDAD PROVINCIAL DEL CUSCOcBIBLIOTECA MUNICIPAL DEL CUSCO a328.85 /bE32 / 1933 aEguiguren, Luis Antonio aEn la selva política :bPara la historia / aLima :bSanmarti y cia,c1933. a211 páginas ;c23 cm. aContenido : sesión de instalación de las juntas preparatorias del dia martes 17 de noviembre de 1931 -- Sesión de las juntas preparatorias del dia 28 de noviembre de 1931 -- sesión del 7 de diciembre de 1931 ... aJuntas  aPolítica  aHisoria